How I Met Your Mother Episodes Quiz Stats

 Plays Quiz not verified by Sporcle

Challenge
Share
Tweet
Embed
Score 0/208 Timer 20:00
0 Plays Today
Season Episode % Correct
Season 1Slutty Pumpkin
81.1%
Season 1Pilot
75.6%
Season 1Purple Giraffe
71.1%
Season 3Slapsgiving
71.1%
Season 8The Final Page Part 1
70%
Season 8The Final Page Part 2
70%
Season 1The Wedding
68.9%
Season 7Ducky Tie
68.9%
Season 7The Slutty Pumpkin Returns
68.9%
Season 7The Best Man
67.8%
Season 7The Magician's Code Part 1
67.8%
Season 7The Magician's Code Part 2
67.8%
Season 8Something New
67.8%
Season 1Nothing Good Happens After 2 A.M.
66.7%
Season 1Zip, Zip, Zip
65.6%
Season 2Where Were We?
65.6%
Season 8The Autumn of Break-Ups
65.6%
Season 8Something Old
65.6%
Season 9The Locket
65.6%
Season 1Sweet Taste of Liberty
64.4%
Season 2Something Blue
64.4%
Season 3Wait For It...
64.4%
Season 7The Burning Beekeeper
64.4%
Season 7Tick Tick Tick
64.4%
Season 8Farhampton
64.4%
Season 1Milk
63.3%
Season 1Come On
63.3%
Season 2Aldrin Justice
63.3%
Season 2Something Borrowed
63.3%
Season 2Lucky Penny
63.3%
Season 3How I Met Everyone Else
63.3%
Season 7Symphony of Illumination
63.3%
Season 9How Your Mother Met Me
63.3%
Season 1Return of the Shirt
62.2%
Season 1The Pineapple Incident
62.2%
Season 1Cupcake
62.2%
Season 2How Lily Stole Christmas
62.2%
Season 3Sandcastles in the Sand
62.2%
Season 3The Goat
62.2%
Season 4Shelter Island
62.2%
Season 7Good Crazy
62.2%
Season 9Gary Blauman
62.2%
Season 1Okay Awesome
61.1%
Season 1The Duel
61.1%
Season 1Drumroll, Please
61.1%
Season 1Best Prom Ever
61.1%
Season 2The Scorpion and the Toad
61.1%
Season 2Swarley
61.1%
Season 2Atlantic City
61.1%
Season 2Slap Bet
61.1%
Season 4Best Burger in New York
61.1%
Season 7Noretta
61.1%
Season 9Last Forever Part 1
61.1%
Season 9Last Forever Part 2
61.1%
Season 1Belly Full of Turkey
60%
Season 2Arrivederci, Fiero
60%
Season 2Stuff
60%
Season 3The Platinum Rule
60%
Season 3No Tomorrow
60%
Season 3Miracles
60%
Season 4The Leap
60%
Season 5The Playbook
60%
Season 5Slapsgiving 2: Revenge of the Slap
60%
Season 5Girls vs. Suits
60%
Season 7Mystery vs. History
60%
Season 8Who Wants to Be a Godparent?
60%
Season 8Splitsville
60%
Season 9Daisy
60%
Season 1The Limo
58.9%
Season 1Game Night
58.9%
Season Episode % Correct
Season 1Life Among the Gorillas
58.9%
Season 2Ted Mosby, Architect
58.9%
Season 2Columns
58.9%
Season 2Monday Night Football
58.9%
Season 3Spoiler Alert
58.9%
Season 4I ♥ NJ
58.9%
Season 4The Naked Man
58.9%
Season 4Three Days of Snow
58.9%
Season 4The Front Porch
58.9%
Season 5Robin 101
58.9%
Season 4Intervention
58.9%
Season 7Trilogy Time
58.9%
Season 8Bad Crazy
58.9%
Season 2Brunch
57.8%
Season 2First Time in New York
57.8%
Season 3Dowisetrepla
57.8%
Season 3Ten Sessions
57.8%
Season 3The Bracket
57.8%
Season 4Happily Ever After
57.8%
Season 5Doppelgangers
57.8%
Season 6Big Days
57.8%
Season 4As Fast As She Can
57.8%
Season 6Legendaddy
57.8%
Season 7Karma
57.8%
Season 7The Broath
57.8%
Season 8The Pre-Nup
57.8%
Season 8Nannies
57.8%
Season 8Weekend at Barney's
57.8%
Season 9Last Time in New York
57.8%
Season 9The End of the Aisle
57.8%
Season 2Single Stamina
56.7%
Season 2Bachelor Party
56.7%
Season 3Little Boys
56.7%
Season 3The Chain of Screaming
56.7%
Season 3Rebound Bro
56.7%
Season 4Woooo!
56.7%
Season 4The Fight
56.7%
Season 4The Possimpible
56.7%
Season 4Sorry, Bro
56.7%
Season 4Old King Clancy
56.7%
Season 5The Sexless Innkeeper
56.7%
Season 5Rabbit or Duck
56.7%
Season 5Zoo or False
56.7%
Season 5The Wedding Bride
56.7%
Season 746 Minutes
56.7%
Season 7The Drunk Train
56.7%
Season 6Subway Wars
56.7%
Season 6Blitzgiving
56.7%
Season 7The Naked Truth
56.7%
Season 7The Stinson Missile Crisis
56.7%
Season 8Lobster Crawl
56.7%
Season 1Mary the Paralegal
55.6%
Season 3We're Not From Here
55.6%
Season 3The Yips
55.6%
Season 3Everything Must Go
55.6%
Season 4Do I Know You?
55.6%
Season 5Definitions
55.6%
Season 5Duel Citizenship
55.6%
Season 5Jenkins
55.6%
Season 5Home Wreckers
55.6%
Season 6Garbage Island
55.6%
Season 7Disaster Averted
55.6%
Season 7No Pressure
55.6%
Season 8Band or DJ?
55.6%
Season 8P.S. I Love You
55.6%
Season 8Romeward Bound
55.6%
Season 9Coming Back
55.6%
Season 1Matchmaker
54.4%
Season 2Moving Day
54.4%
Season 2Showdown
54.4%
Season Episode % Correct
Season 2World's Greatest Couple
54.4%
Season 3The Third Wheel
54.4%
Season 3I'm Not That Guy
54.4%
Season 4The Stinsons
54.4%
Season 4Murtaugh
54.4%
Season 5Double Date
54.4%
Season 5Bagpipes
54.4%
Season 5Of Course
54.4%
Season 5Robots vs. Wrestlers
54.4%
Season 4The Three Days Rule
54.4%
Season 6Bad News
54.4%
Season 7Field Trip
54.4%
Season 7Now We're Even
54.4%
Season 8Ring Up
54.4%
Season 9The Poker Game
54.4%
Season 9Unpause
54.4%
Season 9Sunrise
54.4%
Season 9Vesuvius
54.4%
Season 5The Rough Patch
53.3%
Season 5Last Cigarette Ever
53.3%
Season 5The Perfect Week
53.3%
Season 5Twin Beds
53.3%
Season 4Benefits
53.3%
Season 4Right Place Right Time
53.3%
Season 6Challenge Accepted
53.3%
Season 9The Lighthouse
53.3%
Season 5Say Cheese
52.2%
Season 4Little Minnesota
52.2%
Season 7Tailgate
52.2%
Season 6Architect of Destruction
52.2%
Season 7The Rebound Girl
52.2%
Season 8The Bro Mitzvah
52.2%
Season 9Mom and Dad
52.2%
Season 9Rally
52.2%
Season 4Not a Father's Day
51.1%
Season 4Mosbius Designs
51.1%
Season 5The Window
51.1%
Season 5Hooked
51.1%
Season 6Unfinished
51.1%
Season 6Glitter
51.1%
Season 6The Mermaid Theory
51.1%
Season 6False Positive
51.1%
Season 6Last Words
51.1%
Season 6Hopeless
51.1%
Season 8Twelve Horny Women
51.1%
Season 8The Over-Correction
51.1%
Season 6Cleaning House
50%
Season 6Natural History
50%
Season 6Oh Honey
50%
Season 6The Perfect Cocktail
50%
Season 6Landmarks
50%
Season 8The Time Travelers
50%
Season 9The Broken Code
50%
Season 9Knight Vision
50%
Season 6Baby Talk
48.9%
Season 6Desperation Day
48.9%
Season 8The Stamp Tramp
48.9%
Season 9Bedtime Stories
48.9%
Season 9The Rehearsal Dinner
48.9%
Season 6Canning Randy
47.8%
Season 6A Change of Heart
47.8%
Season 6The Exploding Meatball Sub
47.8%
Season 9Platonish
47.8%
Season 9Slapsgiving 3: Slappointment in Slapmarra
47.8%
Season 8The Ashtray
46.7%
Season 9Bass Player Wanted
46.7%
Season 8The Fortress
45.6%
Season 9No Questions Asked
40%

You're not logged in!

Compare scores with friends on all Sporcle quizzes.
OR
Log In

You Might Also Like...

Show Comments

Extras

Created Apr 1, 2014ReportNominate
Tags:episode, met, mother, season

Top Quizzes Today


Score Distribution

Your Account Isn't Verified!

In order to create a playlist on Sporcle, you need to verify the email address you used during registration. Go to your Sporcle Settings to finish the process.

Report this User

Report this user for behavior that violates our Community Guidelines.

Details: